000 00629nam a2200181 a 4500
001 3323
003 CDMR
005 20151016134202.0
008 130130s2002||||||||||||||||||||||||||||d
040 _aCDMR
_bcat
_cCPC LLEIDA
110 1 _9828
_aConsell de l'Audiovisual de Catalunya
245 1 0 _aRecomanacions sobre el tractament informatiu de la immigració
_cConsell de l'Audiovisual de Catalunya
246 _aSobre el tractament informatiu de la immigració
260 _aBarcelona
_c2002
_bCAC
650 0 4 _93817
_aImmigrants en els mitjans de comunicació de massa
650 0 4 _9983
_aÈtica periodística
942 _cFULLET
_2udc
999 _c3323
_d3323